| 000 | 00451nam a22001577a 4500 | ||
|---|---|---|---|
| 003 | OSt | ||
| 005 | 20260324154005.0 | ||
| 008 | 250609b |||||||| |||| 00| 0 eng d | ||
| 040 | _cAIMIT LIBRARY | ||
| 100 |
_aMohith. _e2217033 _9213311 |
||
| 245 |
_aFood Ordering / _cBy Mohith |
||
| 700 |
_aNausheeda B S. _eMentor _9213312 |
||
| 700 |
_aPoojary, Chethan S. _eGuide _9213313 |
||
| 856 |
_3Isarva Infotech Pvt Ltd. _ywww.isarvait.com |
||
| 942 |
_2ddc _cPRO |
||
| 999 |
_c234357 _d234357 |
||